ბათუმის შოთა რუსთაველის სახელმწიფო უნივერსიტეტის ბიბლიოთეკა

Иследования по теории гомологии (ბიბ.ჩანაწერი № 47990)

000 -LEADER
fixed length control field 00641nam a2200217Ia 4500
001 - CONTROL NUMBER
control field 14868
003 - CONTROL NUMBER IDENTIFIER
control field GE_BSU
008 - FIXED-LENGTH DATA ELEMENTS--GENERAL INFORMATION
fixed length control field 181216s||||||||xx |||||||||||||| ||und||
040 ## - CATALOGING SOURCE
Transcribing agency GE_BSU
080 ## - UNIVERSAL DECIMAL CLASSIFICATION NUMBER
Universal Decimal Classification number 515.143
100 ## - MAIN ENTRY--PERSONAL NAME
Personal name Баладзе, Д.О.
245 ## - TITLE STATEMENT
Title Иследования по теории гомологии
245 ## - TITLE STATEMENT
Remainder of title экстраординарные теории
245 ## - TITLE STATEMENT
Statement of responsibility, etc. Ред. В.Г. Болтянский
260 ## - PUBLICATION, DISTRIBUTION, ETC.
Place of publication, distribution, etc. Твилиси.
260 ## - PUBLICATION, DISTRIBUTION, ETC.
Name of publisher, distributor, etc. Ганатлеба.
260 ## - PUBLICATION, DISTRIBUTION, ETC.
Date of publication, distribution, etc. 1984
300 ## - PHYSICAL DESCRIPTION
Extent 204 стр. 22см.
653 ## - INDEX TERM--UNCONTROLLED
Uncontrolled term Иследования по теории гомологии
942 ## - ADDED ENTRY ELEMENTS (KOHA)
Koha item type წიგნი
ეგზემპლარები
Withdrawn status Lost status Damaged status Not for loan Date acquired Barcode Date last seen Price effective from Koha item type
        2018-12-17 15219 2018-12-17 2018-12-17 წიგნი
        2018-12-17 16850 2018-12-17 2018-12-17 წიგნი
        2018-12-17 16884 2018-12-17 2018-12-17 წიგნი
        2018-12-17 15690 2018-12-17 2018-12-17 წიგნი